Statistics for Name The Entertainment Companies of Kpop Artists

Click here to take the quiz!

General Stats

  • This quiz has been taken 3,657 times
  • The average score is 8 of 31

Answer Stats

HintAnswer% Correct
GOT7, 15&JYP Entertainment
96%
Kangta, HenrySM Entertainment
91%
AKMU, WINNERYG Entertainment
90%
BTS, Lee HyunBig Hit Entertainment
87%
G.NA, BtoBCUBE Entertainment
70%
Boyfriend, JungigoStarship Entertainment
50%
Hello Venus, Orange CaramelPledis Entertainment
46%
VIXX, Seo InGukJellyfish Entertainment
38%
AoA, JunielFNC Entertainment
36%
Nell, TastyWoollim Entertainment
19%
A-JAX, RainbowDSP Media
15%
B1A4WM Entertainment
14%
Sunny Hill, HistoryLOEN Entertainment
12%
100%, Teen TopTOP Media
12%
ApinkA CUBE Entertainment
11%
Dal ShabetHappy Face Entertainment
9%
Block BSeven Seasons
9%
Topp Dogg, EvoLStardom Entertainment
8%
Nine Muses, JewelryStar Empire Entertainment
8%
Eric Nam, SpicaB2M Entertainment
7%
Baechigi, AileeYMC Entertainment
7%
EXIDAB Entertainment
6%
K-much, Crayon PopChrome Entertainment
6%
LyN, ShinhwaGood Entertainment
5%
MBLAQ, TWO XJ Tune Camp
5%
U-Kiss, BigstarNH Media
5%
ALi, C-ClownYedang Entertainment
4%
SPEED, F-ve DollsCore Contents Media
3%
LED AppleStarkim Entertainmet
3%
Double AWell Made STAR M
2%
APRINCENew Planet Entertainment
1%

Score Distribution

Percentile by Number Answered

Percent of People with Each Score

Your Score History

You have not taken this quiz